<?xml version="1.0" encoding="UTF-8"?>
<record
    xmlns:xsi="http://www.w3.org/2001/XMLSchema-instance"
    xsi:schemaLocation="http://www.loc.gov/MARC21/slim http://www.loc.gov/standards/marcxml/schema/MARC21slim.xsd"
    xmlns="http://www.loc.gov/MARC21/slim">

  <leader>01711nam a2200205 a 4500</leader>
  <controlfield tag="001">000045846</controlfield>
  <controlfield tag="005">20201002052459.0</controlfield>
  <controlfield tag="008">150519s1990    dr ac         000 p spa d</controlfield>
  <datafield tag="040" ind1=" " ind2=" ">
    <subfield code="a">DO-SdBNP</subfield>
    <subfield code="b">spa</subfield>
    <subfield code="c">BNPHU</subfield>
  </datafield>
  <datafield tag="245" ind1="0" ind2="0">
    <subfield code="a">Poemas para un primero de mayo. /</subfield>
    <subfield code="c">Robert Berroa...[et al.].</subfield>
  </datafield>
  <datafield tag="260" ind1=" " ind2=" ">
    <subfield code="a">Santo Domingo :</subfield>
    <subfield code="b">Grafitaller,</subfield>
    <subfield code="c">1990.</subfield>
  </datafield>
  <datafield tag="300" ind1=" " ind2=" ">
    <subfield code="a">105 p. :</subfield>
    <subfield code="b">il., retrs. ;</subfield>
    <subfield code="c">21 cm.</subfield>
  </datafield>
  <datafield tag="500" ind1=" " ind2=" ">
    <subfield code="a">Incluye datos biograficos de los autores.</subfield>
  </datafield>
  <datafield tag="505" ind1="0" ind2=" ">
    <subfield code="t">Dedicatoria --</subfield>
    <subfield code="t">Palabras de los autores --</subfield>
    <subfield code="t">Semblanza I --</subfield>
    <subfield code="t">Pensamiento --</subfield>
    <subfield code="t">T&#xFA;, Obrero --</subfield>
    <subfield code="t">Hombre --</subfield>
    <subfield code="t">La sirvienta --</subfield>
    <subfield code="t">Batey --</subfield>
    <subfield code="t">Ma all&#xE1; de la noche --</subfield>
    <subfield code="t">F&#xE9;retro --</subfield>
    <subfield code="t">Hay un dolor --</subfield>
    <subfield code="t">En esta ciudad --</subfield>
    <subfield code="t">A ti te busco --</subfield>
    <subfield code="r">Robert Berroa --</subfield>
    <subfield code="t">Semblanza II --</subfield>
    <subfield code="t">Pensamiento --</subfield>
    <subfield code="t">Invitaci&#xF3;n --</subfield>
    <subfield code="t">A un haitiano en mi tierra --</subfield>
    <subfield code="t">Este pueblo --</subfield>
    <subfield code="t">Yo --</subfield>
    <subfield code="t">Cita con la muerte --</subfield>
    <subfield code="t">Aqu&#xED; est&#xE1;s t&#xFA; --</subfield>
    <subfield code="t">Preguntas para Dios --</subfield>
    <subfield code="t">Este hombre --</subfield>
    <subfield code="t">Este pueblo --</subfield>
    <subfield code="t">La zafra --</subfield>
    <subfield code="t">Ma&#xF1;ana --</subfield>
    <subfield code="t">Trauma de la guerra --</subfield>
    <subfield code="t">Voy a reclamar por ti --</subfield>
    <subfield code="t">Nosotros --</subfield>
    <subfield code="t">A Caama&#xF1;o --</subfield>
    <subfield code="t">La mujer --</subfield>
    <subfield code="t">Aqu&#xED; --</subfield>
    <subfield code="r">V&#xED;ctor Alcantara --</subfield>
    <subfield code="t">Semblanza III --</subfield>
    <subfield code="t">Pensamiento --</subfield>
    <subfield code="t">Itinerario --</subfield>
    <subfield code="t">Cuando monto mi bicicleta --</subfield>
    <subfield code="t">Lamento de un poeta --</subfield>
    <subfield code="t">Despierta obrero --</subfield>
    <subfield code="t">Canto resistente --</subfield>
    <subfield code="t">De este lado de la tristeza --</subfield>
    <subfield code="t">En esta isla --</subfield>
    <subfield code="t">Aqu&#xED; donde hoy estamos --</subfield>
    <subfield code="t">Identificaci&#xF3;n perdida --</subfield>
    <subfield code="t">Retrato --</subfield>
    <subfield code="t">Segundo itinerario --</subfield>
    <subfield code="t">Di&#xE1;logo multitudinario --</subfield>
    <subfield code="t">Ya hoy es lamentable el d&#xED;a --</subfield>
    <subfield code="t">En esta ciudad --</subfield>
    <subfield code="r">Benito &#xC1;ngel Nieves</subfield>
    <subfield code="t">Semblanza IV --</subfield>
    <subfield code="t">Pensamiento --</subfield>
    <subfield code="r">Horacio Nadal --</subfield>
  </datafield>
  <datafield tag="590" ind1=" " ind2=" ">
    <subfield code="a">Perteneci&#xF3; a la biblioteca personal de Erick Landestoy</subfield>
  </datafield>
  <datafield tag="700" ind1="1" ind2=" ">
    <subfield code="a">Berroa, Robert</subfield>
    <subfield code="9">10541</subfield>
  </datafield>
  <datafield tag="700" ind1="1" ind2=" ">
    <subfield code="a">Alcantara, V&#xED;ctor</subfield>
    <subfield code="9">73918</subfield>
  </datafield>
  <datafield tag="700" ind1="1" ind2=" ">
    <subfield code="a">Nieves, Benito &#xC1;ngel</subfield>
    <subfield code="9">73919</subfield>
  </datafield>
  <datafield tag="700" ind1="1" ind2=" ">
    <subfield code="a">Nadal, Horacio</subfield>
    <subfield code="9">73920</subfield>
  </datafield>
  <datafield tag="952" ind1=" " ind2=" ">
    <subfield code="0">0</subfield>
    <subfield code="1">0</subfield>
    <subfield code="7">1</subfield>
    <subfield code="8">PD</subfield>
    <subfield code="a">PD</subfield>
    <subfield code="b">PD</subfield>
    <subfield code="c">HD</subfield>
    <subfield code="d">2015-05-19</subfield>
    <subfield code="i">LF1</subfield>
    <subfield code="l">0</subfield>
    <subfield code="o"> </subfield>
    <subfield code="p">45846-10</subfield>
    <subfield code="r">2020-06-25</subfield>
    <subfield code="w">2020-06-25</subfield>
    <subfield code="y">LFPD</subfield>
    <subfield code="z">Perteneci&#xF3; a la biblioteca personal de Erick Landestoy</subfield>
    <subfield code="Z">No se presta</subfield>
  </datafield>
  <datafield tag="999" ind1=" " ind2=" ">
    <subfield code="c">45335</subfield>
    <subfield code="d">45335</subfield>
  </datafield>
</record>
